000 00234nam a2200097Ia 4500
008 170619s9999 xx 000 0 und d
100 _aSharma- A
245 0 _aIntroduction to Computer Graphic
260 _bPEARSON EDU. DELHI
260 _c2011
546 _aENGLISH
999 _c23318
_d23318